| 000 | 00597cam a2200193 a 4500 | ||
|---|---|---|---|
| 001 | 000015149 | ||
| 005 | 20200929163952.0 | ||
| 008 | 800802s1973 ag 000 0 spa | ||
| 035 | _a(DLC) 80128055 | ||
| 040 |
_aDO-SdBNP _bspa _cBNPHU _dDLC |
||
| 050 | 0 | 0 | _aMLCS 80/1693 |
| 082 |
_ann _bL695m |
||
| 100 | 1 |
_aLibert, Samuel O _934284 |
|
| 245 | 1 | 0 |
_aMas allá de lo imposible : _bla iglesia local evangelizando al mundo / _cSamuel O. Libert. |
| 260 |
_aArgentina : _bCasa Bautista de Publicaciones, _c1973. |
||
| 300 |
_a112 p. ; : _b21 cm. |
||
| 910 | _aCatalogación por copia | ||
| 049 | _aBNGR | ||
| 999 |
_c14721 _d14721 |
||